000 00424nam a22001697a 4500
005 20160503111105.0
008 160503b xxu||||| |||| 00| 0 eng d
020 _a0-07-058194-0
041 _aeng
082 _b1177
100 _aBelch E. George Belch A Michael
_9396
245 _aAdvertising and Promotion.
260 _aNew Delhi
_bTata MC Graw Hill,
_c2004
300 _a779
650 _aManagement
_9241
942 _cBK
999 _c469
_d469